| 000 | 00689nam a22002417a 4500 | ||
|---|---|---|---|
| 999 |
_c4472 _d4472 |
||
| 003 | AR-CdUCM | ||
| 008 | 190308b ||||| |||| 00| 0 spa d | ||
| 020 | _a84-8280-147-3 | ||
| 040 |
_aMUNICIPALIDAD PROVINCIAL DEL CUSCO _cBIBLIOTECA MUNICIPAL DEL CUSCO |
||
| 082 |
_a877.5 / _bP48 |
||
| 100 |
_aPetronio _914051 |
||
| 245 | _aSatiricon / | ||
| 260 |
_aBogota : _bOveja Negra, _c1983. |
||
| 300 |
_a184 paginas ; _c19cm. |
||
| 440 |
_aHistoria Universal de la Literatura _n47 _914052 |
||
| 500 | _aTraducción de: Satirae. | ||
| 650 |
_aNovela _95 |
||
| 650 |
_aLiteratura _983 |
||
| 650 |
_aHistoria _9136 |
||
| 700 |
_aDiaz, Manuel _914053 |
||
| 942 |
_2ddc _cLIBROS |
||
| 945 | _apjha | ||